Strategické řízení výrobní hospodářskej jednotky

Uložené v:
Podrobná bibliografia
Hlavný autor: Holec, Miroslav
Médium: Kniha
Jazyk:Czech
Vydavateľské údaje: Praha Institut řízení 1981
Edícia:Zájmové publikace Řada IŘ B 33
Tagy: Pridať tag
Žiadne tagy, Buďte prvý, kto otaguje tento záznam!

MARC

LEADER 00000nam a2200000 4500
001 c110583
005 20150325105454.5
041 0 |a cze 
044 |a CZ 
245 1 0 |a Strategické řízení výrobní hospodářskej jednotky  |c Miroslav Holec 
264 1 |a Praha  |b Institut řízení  |c 1981 
300 |a 108 s. 
490 1 |a Zájmové publikace Řada IŘ B  |v 33 
830 0 |a Zájmové publikace Řada IŘ B  |v 33 
100 1 |a Holec, Miroslav